Loading...
| Current Events | 3 | 16.67 | 100% | 67% | 0% |
| Fine Arts - Classical Music | 6 | 13.33 | 83% | 33% | 17% |
| Fine Arts - Other | 1 | 20.00 | 100% | 100% | 0% |
| Fine Arts - Painting and Sculpture | 7 | 20.00 | 100% | 86% | 14% |
| Geography | 4 | 15.00 | 100% | 25% | 25% |
| History - American | 3 | 26.67 | 100% | 67% | 100% |
| History - European | 4 | 15.00 | 100% | 50% | 0% |
| History - Other | 6 | 21.67 | 100% | 83% | 33% |
| History - World | 4 | 17.50 | 100% | 50% | 25% |
| Literature - American | 6 | 16.67 | 83% | 50% | 33% |
| Literature - British | 4 | 10.00 | 75% | 0% | 25% |
| Literature - European | 5 | 10.00 | 80% | 20% | 0% |
| Literature - World | 3 | 10.00 | 67% | 33% | 0% |
| Mythology | 5 | 18.00 | 100% | 60% | 20% |
| Philosophy | 2 | 10.00 | 100% | 0% | 0% |
| Popular Culture | 3 | 16.67 | 100% | 67% | 0% |
| Religion | 2 | 25.00 | 100% | 100% | 50% |
| Science - Biology | 6 | 18.33 | 67% | 67% | 50% |
| Science - Chemistry | 9 | 12.22 | 67% | 56% | 0% |
| Science - Other | 8 | 8.75 | 63% | 25% | 0% |
| Science - Physics | 4 | 5.00 | 50% | 0% | 0% |
| Social Science | 4 | 10.00 | 100% | 0% | 0% |